书目信息 |
| 题名: |
大学生就业法律知识读本
|
|
| 作者: | 邹晓美 , 高泉 编著 | |
| 分册: | ||
| 出版信息: | 北京 中国书籍出版社 2013 |
|
| 页数: | 10, 255页 | |
| 开本: | 24cm | |
| 丛书名: | ||
| 单 册: | ||
| 中图分类: | D922.504 , G647.38 | |
| 科图分类: | ||
| 主题词: | 劳动法--基本知识--中国 , 大学生--就业--基本知识 | |
| 电子资源: | ||
| ISBN: | 978-7-5068-3245-8 | |
| 000 | 01008nam0 2200265 450 | |
| 001 | 339347 | |
| 005 | 20150608090736.25 | |
| 010 | @a978-7-5068-3245-8@dCNY39.00 | |
| 100 | @a20130320d2013 em y0chiy50 ea | |
| 101 | 0 | @achi |
| 102 | @aCN@b110000 | |
| 105 | @ay zn 000yy | |
| 106 | @ar | |
| 200 | 1 | @a大学生就业法律知识读本@Ada xue sheng jiu ye fa lv zhi shi du ben@f邹晓美, 高泉编著 |
| 210 | @a北京@c中国书籍出版社@d2013 | |
| 215 | @a10, 255页@d24cm | |
| 330 | @a本书以大学生在就业中关心的特点问题如: 就业政策、就业法律;就业与用人单位谈判;就业与用人单位签订就业协议、劳动合同、聘用合同;就业与用人单位发生人事、劳动争议;大学生就业中的权益保护等, 以问答的方式, 为大学毕业生就业提供了法律帮助。 | |
| 606 | 0 | @a劳动法@x基本知识@y中国 |
| 606 | 0 | @a大学生@x就业@x基本知识 |
| 690 | @aD922.504@v5 | |
| 690 | @aG647.38@v5 | |
| 701 | 0 | @a邹晓美@Azou xiao mei@c(女, @f1961)@4编著 |
| 701 | 0 | @a高泉@Agao quan@c(法律, @f1971)@4编著 |
| 801 | 0 | @aCN@b卓展宏图@c20150525 |
| 905 | @dD922.504@e1259@f4 | |
| 大学生就业法律知识读本/邹晓美, 高泉编著.-北京:中国书籍出版社,2013 |
| 10, 255页;24cm |
| ISBN 978-7-5068-3245-8:CNY39.00 |
| 本书以大学生在就业中关心的特点问题如: 就业政策、就业法律;就业与用人单位谈判;就业与用人单位签订就业协议、劳动合同、聘用合同;就业与用人单位发生人事、劳动争议;大学生就业中的权益保护等, 以问答的方式, 为大学毕业生就业提供了法律帮助。 |
| ● |
| 相关链接 |
|
|
|
|
正题名:大学生就业法律知识读本
索取号:D922.504/1259
 
预约/预借
| 序号 | 登录号 | 条形码 | 馆藏地/架位号 | 状态 | 备注 |
| 1 | 857845 | 208578458 | 第一样本阅览室/ [索取号:D922.504/1259] | 在馆 | |
| 2 | 857846 | 208578467 | 密集书库-史法系/ [索取号:D922.504/1259] | 在馆 | |
| 3 | 857847 | 208578476 | 第一借阅区/ [索取号:D922.504/1259] | 在馆 | |
| 4 | 857848 | 208578485 | 第一借阅区/ [索取号:D922.504/1259] | 在馆 |